[Event "47th Sparkassen Open"]
[Site "Dortmund GER"]
[Date "2019.07.18"]
[Round "6.23"]
[White "Chubakov, Sultan"]
[Black "Biermann, Florian"]
[Result "1/2-1/2"]
[WhiteElo "2095"]
[BlackElo "2016"]
[WhiteFideId "13803468"]
[BlackFideId "12970069"]
[EventDate "2019.07.13"]

1. d4 Nf6 2. c4 c5 3. d5 b5 4. cxb5 a6 5. bxa6 g6 6. Nc3 Bg7 7. e4 O-O 8. Be2
Qa5 9. Bd2 Bxa6 10. e5 Ne8 11. Nf3 d6 12. e6 fxe6 13. Ng5 Bd4 14. O-O Bxe2 15.
Nxe2 Qb6 16. Nxe6 Rf5 17. Ng3 Rxd5 18. Qf3 Nf6 19. Ne4 Nbd7 20. Nxf6+ Nxf6 21.
Bg5 Rb8 22. g4 Qb7 23. Bf4 Be5 24. Rae1 Bxf4 25. Qxf4 Qb4 26. Qxb4 Rxb4 27. g5
Nd7 28. b3 Rd2 29. Ra1 Re4 30. Nc7 Rg4+ 31. Kh1 Ne5 32. a4 Nd3 33. a5 Nxf2+ 34.
Rxf2 1/2-1/2

[Event "47th Sparkassen Open"]
[Site "Dortmund GER"]
[Date "2019.07.18"]
[Round "6.24"]
[White "Skabs, Denis"]
[Black "Conrad, Joachim"]
[Result "0-1"]
[WhiteElo "1745"]
[BlackElo "2068"]
[WhiteFideId "16248449"]
[BlackFideId "24623083"]
[EventDate "2019.07.13"]

1. e4 d6 2. d4 Nf6 3. Nc3 e5 4. Nf3 Nbd7 5. Bc4 Be7 6. O-O O-O 7. Re1 c6 8. a4
b6 9. Ba2 a6 10. h3 Rb8 11. Be3 b5 12. axb5 axb5 13. b4 Qc7 14. Qd3 exd4 15.
Nxd4 Ne5 16. Qe2 Re8 17. f4 Ng6 18. g4 Bf8 19. Qf3 h6 20. e5 dxe5 21. Qxc6 Qd8
22. Ndxb5 Bd7 23. Qc4 Be6 24. Qf1 Bxa2 25. Rxa2 exf4 26. Rd1 Qc8 27. Bxf4 Nxf4
28. Qxf4 Qc6 29. Ra5 Rbc8 30. Ra7 Qb6+ 31. Qd4 Qb8 32. Rd3 Re1+ 33. Kf2 Rh1 34.
Rg3 Rd8 35. Qc4 Rd2+ 36. Ke3 Qxg3+ 37. Kxd2 Qe1+ 38. Kd3 Rxh3+ 39. Kd4 Qe3# 0-1

[Event "47th Sparkassen Open"]
[Site "Dortmund GER"]
[Date "2019.07.18"]
[Round "6.25"]
[White "Eckert, Marius"]
[Black "Farokhi, Keyvan"]
[Result "1-0"]
[WhiteElo "2090"]
[BlackElo "1946"]
[WhiteFideId "12922234"]
[BlackFideId "12998630"]
[EventDate "2019.07.13"]

1. d4 Nf6 2. Bf4 d5 3. e3 c5 4. c3 Nc6 5. Nd2 e6 6. Ngf3 Bd6 7. Bg3 O-O 8. Bd3
b6 9. e4 dxe4 10. Nxe4 Be7 11. dxc5 bxc5 12. Nxf6+ Bxf6 13. Qc2 h6 14. O-O-O Qa5
15. Bh7+ Kh8 16. Be4 Bb7 17. Rd7 Qa6 18. Rhd1 Rad8 19. Bd3 c4 20. Be4 Na5 21.
Ne5 Bxe5 22. Rxd8 Nb3+ 23. Kb1 Nd2+ 24. R1xd2 1-0

[Event "47th Sparkassen Open"]
[Site "Dortmund GER"]
[Date "2019.07.18"]
[Round "6.27"]
[White "Wolff, Christoph"]
[Black "Leonard, Timo"]
[Result "0-1"]
[WhiteElo "2047"]
[BlackElo "1911"]
[WhiteFideId "4648706"]
[BlackFideId "16208757"]
[EventDate "2019.07.13"]

1. e4 e6 2. d4 d5 3. exd5 exd5 4. Nf3 Bd6 5. c4 Nf6 6. Nc3 O-O 7. cxd5 h6 8. Be2
Nbd7 9. O-O Nb6 10. Ne5 Nbxd5 11. Bf3 c6 12. Re1 Be6 13. a3 Re8 14. Bd2 Nxc3 15.
bxc3 Qc7 16. c4 Nd7 17. Nxd7 Bxh2+ 18. Kh1 Bxd7 19. g3 Bxg3 20. fxg3 Qxg3 21.
Bg2 Bg4 22. Rxe8+ Rxe8 23. Be1 Qf4 24. Qd2 Qf5 25. Qf2 Qh5+ 26. Kg1 Re2 27. Qg3
Qf5 28. Bc3 h5 29. Re1 Rxe1+ 30. Qxe1 Qf4 31. d5 Bf3 32. Qe8+ Kh7 33. Qe5 Qg4
34. Qh2 cxd5 35. c5 f5 36. Qh3 Qxg2+ 37. Qxg2 Bxg2 38. Kxg2 g5 39. Kf3 Kg6 40.
Be5 f4 41. Bd6 Kf5 42. Bc7 g4+ 43. Kf2 h4 44. Bb8 a6 0-1

[Event "47th Sparkassen Open"]
[Site "Dortmund GER"]
[Date "2019.07.18"]
[Round "6.28"]
[White "Burchert, Wolfgang"]
[Black "Groneberg, Joerg"]
[Result "1-0"]
[WhiteElo "2075"]
[BlackElo "1921"]
[WhiteFideId "4654412"]
[BlackFideId "12941638"]
[EventDate "2019.07.13"]

1. e4 c5 2. Nf3 g6 3. d4 cxd4 4. Qxd4 Nf6 5. e5 Nc6 6. Qa4 Nd5 7. Qe4 Nb6 8. Nc3
d5 9. exd6 Qxd6 10. Nb5 Qd8 11. Bf4 Bf5 12. Qe2 Bg7 13. Rd1 Bd7 14. Bc7 1-0

[Event "47th Sparkassen Open"]
[Site "Dortmund GER"]
[Date "2019.07.18"]
[Round "6.29"]
[White "Gula, Julian"]
[Black "Guenther, Lars"]
[Result "1-0"]
[WhiteElo "1991"]
[BlackElo "2114"]
[WhiteFideId "12954799"]
[BlackFideId "4625153"]
[EventDate "2019.07.13"]

1. e4 Nf6 2. e5 Nd5 3. Nc3 e6 4. Nxd5 exd5 5. d4 d6 6. Nf3 dxe5 7. Nxe5 Bd6 8.
Bd3 Nc6 9. Nxc6 bxc6 10. Qh5 g6 11. Qh6 Bf8 12. Qf4 Qd6 13. Qf3 Bg7 14. c3 Qe7+
15. Be3 Rb8 16. O-O-O Be6 17. g4 Rb6 18. h4 Kd7 19. Bg5 f6 20. Bf4 Rhb8 21. Rd2
c5 22. dxc5 Qxc5 23. Be3 Qa5 24. Bxb6 Rxb6 25. Bc4 Rd6 26. Bb3 f5 27. g5 Qc5 28.
h5 d4 29. Bxe6+ Kxe6 30. hxg6 dxc3 31. Rxd6+ Kxd6 32. Qd3+ Kc6 33. gxh7 cxb2+
34. Kb1 Qe5 35. Qe3 Qd5 36. h8=Q Bxh8 37. Rxh8 Qd1+ 38. Kxb2 1-0

[Event "47th Sparkassen Open"]
[Site "Dortmund GER"]
[Date "2019.07.18"]
[Round "6.30"]
[White "Ahlers, Knut"]
[Black "Toel, Karl-Ludwig"]
[Result "1/2-1/2"]
[WhiteElo "1854"]
[BlackElo "2068"]
[WhiteFideId "16203534"]
[BlackFideId "4685903"]
[EventDate "2019.07.13"]

1. e4 c5 2. Nf3 d6 3. d4 cxd4 4. Nxd4 Nf6 5. Nc3 g6 6. Bc4 Bg7 7. h3 O-O 8. O-O
Nxe4 9. Nxe4 d5 10. Nb5 a6 11. Qxd5 Qxd5 12. Bxd5 axb5 13. c3 Nc6 14. Bg5 Re8
15. Rfe1 Bf5 16. Nc5 Rad8 17. Bxc6 bxc6 18. Bxe7 Rd5 19. Nb3 Be6 20. Bh4 g5 21.
Bg3 c5 22. Rad1 Red8 23. Rxd5 Rxd5 24. Re2 h6 25. Kh2 Kh7 26. f4 Kg6 27. fxg5
hxg5 28. Bf2 Be5+ 29. g3 Bd6 30. Rd2 Rxd2 31. Nxd2 f5 32. b3 Kf6 33. c4 b4 34.
Kg2 Bd7 35. Kf3 Bc6+ 36. Ke3 Bg2 37. h4 f4+ 38. gxf4 gxf4+ 39. Ke2 Kf5 40. Nf3
Kg4 41. Ng5 Kf5 42. Ke1 Bc6 43. Kd2 Be8 44. Nf3 Kg4 45. Ne1 f3 46. Nd3 Bg6 47.
Nxc5 Bf4+ 48. Ke1 Bb1 49. Na6 Bxa2 50. Nxb4 Bxb3 51. c5 Bc7 52. Nc6 1/2-1/2

[Event "47th Sparkassen Open"]
[Site "Dortmund GER"]
[Date "2019.07.18"]
[Round "6.31"]
[White "Schroeder, Joerg"]
[Black "Doescher, Thorsten"]
[Result "1/2-1/2"]
[WhiteElo "1985"]
[BlackElo "2049"]
[WhiteFideId "24635677"]
[BlackFideId "24658286"]
[EventDate "2019.07.13"]

1. Nf3 d5 2. e3 Nf6 3. c4 e6 4. b3 c5 5. Bb2 Nc6 6. cxd5 exd5 7. d4 cxd4 8. Nxd4
Bb4+ 9. Bc3 Qa5 10. Bxb4 Qxb4+ 11. Qd2 Qxd2+ 12. Nxd2 Nxd4 13. exd4 O-O 14. f3
Bf5 15. g4 Rfe8+ 16. Kf2 Be6 17. Bd3 Rec8 18. Rac1 h5 19. h3 g5 20. Rhe1 Kf8 21.
b4 a5 22. Rxc8+ Rxc8 23. bxa5 Rc3 24. Bb1 hxg4 25. hxg4 Ne8 26. Re3 Rc1 27. Rb3
Nd6 28. Rb6 Ke7 29. Bd3 Rc7 30. a6 bxa6 31. Rxa6 Bd7 32. Ke2 Rc3 33. Ra5 Bc6 34.
Rc5 Rxc5 35. dxc5 Nb7 36. Nb3 Ba4 37. Ba6 Bxb3 38. c6 Nd6 39. axb3 Kd8 40. Kd3
Kc7 41. Bb7 f5 42. Kd4 fxg4 43. fxg4 Ne4 44. Kxd5 Nf6+ 45. Ke5 Nxg4+ 46. Kf5 Nf2
47. Kxg5 Nd3 48. Kf5 Nc5 49. b4 Nxb7 50. cxb7 Kxb7 51. Ke5 Kc6 52. Kd4 Kb5 53.
Kc3 Kb6 54. Kc4 Kc6 55. b5+ Kb6 56. Kb4 Kb7 57. Kc5 Kc7 58. b6+ Kb7 59. Kb5 Kb8
60. Kc5 Kb7 1/2-1/2

[Event "47th Sparkassen Open"]
[Site "Dortmund GER"]
[Date "2019.07.18"]
[Round "6.32"]
[White "Saizew, Valeri"]
[Black "Henrotte, Nils"]
[Result "0-1"]
[WhiteElo "2032"]
[BlackElo "1969"]
[WhiteFideId "12932361"]
[BlackFideId "12923311"]
[EventDate "2019.07.13"]

1. e4 e6 2. d4 d5 3. Nd2 Nc6 4. Ngf3 Nf6 5. e5 Nd7 6. c3 f6 7. exf6 Qxf6 8. Bb5
Bd6 9. O-O O-O 10. Nb3 a6 11. Bg5 Qf7 12. Bxc6 bxc6 13. Na5 Qh5 14. h4 h6 15.
Be3 c5 16. Nc6 Bb7 17. Nce5 Nxe5 18. Nxe5 Qxh4 19. f4 Bxe5 20. fxe5 Rxf1+ 21.
Qxf1 Rf8 22. Qe1 Qg4 23. Qd2 Rf5 24. Rf1 Bc6 25. Rxf5 Qxf5 26. dxc5 Qb1+ 27. Kh2
Qxa2 28. b4 Qc4 29. Qd4 Qe2 30. Bf2 Bb5 31. Qe3 Qxe3 32. Bxe3 g5 33. g4 Kg7 34.
Kg3 Be2 35. c6 Kf7 36. Ba7 Ke8 37. Bb8 Kd8 38. Ba7 Bb5 39. Bc5 Ke8 40. Kf3 Bxc6
41. Ba7 Ba4 42. Ke2 Kf7 43. Bb8 c6 44. Bc7 Kg6 45. Bd8 h5 46. gxh5+ Kxh5 47. Ke3
Kg4 48. Be7 Kf5 49. Bf6 g4 50. Bh4 Kxe5 51. Bg3+ Kf5 52. Kd4 Bb5 53. Bd6 Bc4 54.
Bc7 a5 55. bxa5 c5+ 56. Kxc5 Ke4 57. Kd6 e5 58. Bb6 d4 59. cxd4 exd4 60. Kc5 d3 0-1

[Event "47th Sparkassen Open"]
[Site "Dortmund GER"]
[Date "2019.07.18"]
[Round "6.33"]
[White "Beckmann, David"]
[Black "Sondermann, Dirk"]
[Result "1-0"]
[WhiteElo "2016"]
[BlackElo "1865"]
[WhiteFideId "24664707"]
[BlackFideId "4658116"]
[EventDate "2019.07.13"]

1. d4 f5 2. Nf3 Nf6 3. g3 g6 4. Bg2 Bg7 5. O-O O-O 6. c4 d6 7. Nc3 Qe8 8. b3 e5
9. dxe5 dxe5 10. Ba3 Rf7 11. Qc2 Nc6 12. Rad1 h6 13. e3 e4 14. Nd4 Nxd4 15. exd4
c6 16. Rfe1 Qd8 17. Bb2 Rd7 18. Ne2 Rc7 19. Qb1 Be6 20. Nf4 Bf7 21. Qa1 g5 22.
Ne2 Bh5 23. Rd2 Rd7 24. Nc3 Bf7 25. Nd1 b5 26. Bf1 bxc4 27. bxc4 Ng4 28. Ne3
Nxe3 29. fxe3 Rb8 30. Rf2 Rdb7 31. Bc3 Qd7 32. c5 Rf8 33. a4 Rb3 34. a5 Bd5 35.
Be2 Rfb8 36. Rff1 Kh8 37. a6 Rf8 38. Rb1 Qe6 39. Rxb3 Bxb3 40. d5 Qg6 41. Bxg7+
Qxg7 42. d6 Be6 43. Qxg7+ Kxg7 44. Rb1 Kf6 45. Rb7 Rd8 46. Rc7 1-0

[Event "47th Sparkassen Open"]
[Site "Dortmund GER"]
[Date "2019.07.18"]
[Round "6.34"]
[White "Artola Pola, Gerardo"]
[Black "Meier, Silas"]
[Result "1-0"]
[WhiteElo "2031"]
[BlackElo "1811"]
[WhiteFideId "150878"]
[BlackFideId "16210662"]
[EventDate "2019.07.13"]

1. e4 Nf6 2. e5 Nd5 3. d4 d6 4. c4 Nb6 5. exd6 cxd6 6. Nc3 g6 7. Be3 Bg7 8. Rc1
O-O 9. b3 Bf5 10. Be2 d5 11. c5 Nc8 12. Nf3 Nc6 13. h3 Be4 14. O-O Bxf3 15. Bxf3
e6 16. Qd2 N8e7 17. Nb5 Nf5 18. Bg4 a6 19. Bxf5 axb5 20. Bd3 Qa5 21. Rfd1 Qxd2
22. Rxd2 Bxd4 23. Bh6 Bg7 24. Bxg7 Kxg7 25. Bxb5 Ra5 26. a4 Rd8 27. f4 f6 28.
Rcd1 Kf7 29. Kf2 Nb4 30. Ke3 Raa8 31. Kd4 Nc6+ 32. Bxc6 bxc6 33. Ra2 Rdb8 34.
Kc3 Rb7 35. b4 Rba7 36. a5 Ra6 37. Re1 Re8 38. b5 cxb5 39. Kb4 Rb8 40. Rc1 Ke7
41. c6 Kd6 42. c7 Rc8 43. Kxb5 Ra7 44. Kb6 Rcxc7 45. Rxc7 Rxc7 46. a6 Rc8 47.
Kb7 Rc7+ 48. Kb8 Rd7 49. a7 d4 50. Ra6+ Kc5 51. Rc6+ Kb4 52. Rc7 Rd8+ 53. Rc8
Rxc8+ 54. Kxc8 d3 55. a8=Q d2 56. Qe4+ Kc3 57. Qe3+ Kc2 58. Qc5+ Kd3 59. Qb5+
Ke3 60. Qb3+ Kxf4 61. Qf3+ Kg5 1-0

[Event "47th Sparkassen Open"]
[Site "Dortmund GER"]
[Date "2019.07.18"]
[Round "6.35"]
[White "Schriewer, Thomas"]
[Black "Winterberg, Andreas"]
[Result "1/2-1/2"]
[WhiteElo "2004"]
[BlackElo "1956"]
[WhiteFideId "24606049"]
[BlackFideId "16210433"]
[EventDate "2019.07.13"]

1. d4 Nf6 2. Bf4 d5 3. e3 Bg4 4. Nf3 e6 5. c4 c6 6. Qb3 Qb6 7. c5 Qxb3 8. axb3
Bxf3 9. gxf3 Nbd7 10. b4 Nh5 11. Bg3 Nxg3 12. hxg3 a6 13. b5 cxb5 14. Bxb5 O-O-O
15. Bd3 Kc7 16. f4 Be7 17. Nc3 Nb8 18. b4 Nc6 19. Rb1 h6 20. b5 axb5 21. Nxb5+
Kd7 22. Nc3 Kc7 23. Kd2 Ra8 24. Rb2 Rhb8 25. Rhb1 Ra5 26. Bb5 Raa8 27. Na4 Na5
28. Nb6 Ra7 29. f3 Nc6 30. Kc3 Ra3+ 31. Rb3 Ra2 32. R1b2 Ra1 33. Rb1 Ra2 34.
R3b2 Ra3+ 35. Kd2 Na7 36. Bd3 Nc6 37. Rb3 Ra2+ 38. R1b2 Ra1 39. Rb1 Ra2+ 40.
R3b2 Ra3 41. Rh1 Bf6 42. Rhb1 Be7 43. Bb5 Bf6 44. Na4 Bxd4 45. exd4 Nxd4 46. Nc3
Nxf3+ 47. Kc2 Nd4+ 48. Kd3 Nf5 49. g4 Ne3 50. Kxe3 Rxc3+ 51. Kd4 Rf3 52. Rf1 Rg3
53. Be2 Ra8 54. Rfb1 Ra7 55. Rb3 Ra4+ 1/2-1/2

[Event "47th Sparkassen Open"]
[Site "Dortmund GER"]
[Date "2019.07.18"]
[Round "6.36"]
[White "Ball, Joerg"]
[Black "Gluma, Christian"]
[Result "0-1"]
[WhiteElo "1961"]
[BlackElo "1876"]
[WhiteFideId "4685172"]
[BlackFideId "16223209"]
[EventDate "2019.07.13"]

1. e4 g6 2. d4 Bg7 3. Nc3 c6 4. Bc4 d5 5. exd5 b5 6. Bb3 b4 7. Nce2 cxd5 8. Bd2
a5 9. a3 bxa3 10. Rxa3 Nc6 11. Nf3 Nf6 12. Ne5 Nxe5 13. dxe5 Ne4 14. Be3 e6 15.
f3 Bxe5 16. fxe4 Qh4+ 17. Bf2 Qxe4 18. O-O Ba6 19. Re1 Bxb2 20. Ra2 Bg7 21. Nc3
Qf5 22. Nxd5 Be5 23. Rxe5 Qxe5 24. Bd4 Qg5 25. Bxh8 exd5 26. Qxd5 Qe3+ 0-1

[Event "47th Sparkassen Open"]
[Site "Dortmund GER"]
[Date "2019.07.18"]
[Round "6.37"]
[White "Barskij, Aleksandr"]
[Black "Yin, Haode"]
[Result "1/2-1/2"]
[WhiteElo "1941"]
[BlackElo "1652"]
[WhiteFideId "4697251"]
[BlackFideId "16261348"]
[EventDate "2019.07.13"]

1. e4 e6 2. d4 d5 3. Nd2 dxe4 4. Nxe4 Bd7 5. Nf3 Bc6 6. Bd3 Nd7 7. O-O Be7 8.
Re1 Ngf6 9. Ng3 Bxf3 10. Qxf3 c6 11. c3 O-O 12. Bd2 Re8 13. Rad1 Qc7 14. Ne4
Nxe4 15. Qxe4 Nf6 16. Qh4 g6 17. Bf4 Nd5 18. Bxc7 Bxh4 19. Be5 Be7 20. Bb1 Bf8
21. c4 Nb6 22. b3 Rad8 23. Bc7 Rd7 24. Bxb6 axb6 25. Rd3 Red8 26. Red1 Bg7 27.
d5 exd5 28. cxd5 Rxd5 29. Rxd5 Rxd5 30. Rxd5 cxd5 31. Kf1 Kf8 32. Ke2 Ke7 33.
Kd3 Kd6 34. Bc2 Kc5 35. a3 Bb2 36. b4+ Kc6 37. a4 b5 38. axb5+ Kxb5 39. Bb3 Kc6
40. Ba4+ b5 41. Bb3 f6 42. f4 Bc1 43. g3 Ba3 44. Kd4 Bxb4 45. Bxd5+ Kd6 46. Bg8
h6 47. Bf7 g5 1/2-1/2

[Event "47th Sparkassen Open"]
[Site "Dortmund GER"]
[Date "2019.07.18"]
[Round "6.38"]
[White "Homfeldt, Christopher"]
[Black "Meinschien, Finn"]
[Result "1/2-1/2"]
[WhiteElo "1848"]
[BlackElo "1908"]
[WhiteFideId "16220293"]
[BlackFideId "12989665"]
[EventDate "2019.07.13"]

1. e4 c5 2. Nf3 Nc6 3. d4 cxd4 4. Nxd4 g6 5. c4 Bg7 6. Be3 Qb6 7. Nb3 Qd8 8. Nc3
Bxc3+ 9. bxc3 Nf6 10. f3 b6 11. Be2 d6 12. Nd4 Ne5 13. O-O Qc7 14. h3 Bd7 15.
Nb5 Bxb5 16. cxb5 Nc4 17. Bxc4 Qxc4 18. Qb3 Rc8 19. Rfc1 O-O 20. Kf2 Nd7 21. Bd4
Rc7 22. Qxc4 Rxc4 23. Ke2 Rfc8 24. Kd3 Ra4 25. c4 a6 26. Rc3 axb5 27. cxb5 Nc5+
28. Bxc5 dxc5 29. Kc2 Rd8 30. a3 Kg7 31. Rd1 Rxd1 32. Kxd1 Rd4+ 33. Kc2 Kf6 34.
Rd3 Ke5 35. g3 Ra4 36. Rd5+ Ke6 37. Kb3 Ra7 38. a4 c4+ 39. Kb4 c3 40. Rd4 Ke5
41. Rc4 Ke6 42. Rxc3 Ke5 43. Rc8 1/2-1/2

[Event "47th Sparkassen Open"]
[Site "Dortmund GER"]
[Date "2019.07.18"]
[Round "6.40"]
[White "Atali, Dogukan"]
[Black "Delere, Adrian"]
[Result "1/2-1/2"]
[WhiteElo "1734"]
[BlackElo "1858"]
[WhiteFideId "16208269"]
[BlackFideId "12990400"]
[EventDate "2019.07.13"]

1. e4 e5 2. Nf3 Nc6 3. Nc3 Nf6 4. d4 exd4 5. Nxd4 Bb4 6. Nxc6 bxc6 7. Bd3 d5 8.
exd5 cxd5 9. O-O O-O 10. Bg5 c6 11. Qf3 Bd6 12. h3 Rb8 13. Rab1 Be5 14. Rfe1 Re8
15. Bf4 Bxf4 16. Rxe8+ Qxe8 17. Qxf4 Be6 18. Qc7 Ra8 19. Re1 Qd7 20. Qxd7 Nxd7
21. Ne2 Nc5 22. Nd4 Nxd3 23. cxd3 Bd7 24. Rc1 Rc8 25. b4 Kf8 26. f4 Ke7 27. Nb3
Rb8 28. a3 Kd6 29. Kf2 Re8 30. Rc5 Bf5 31. Nc1 h5 32. Rc3 a5 33. bxa5 c5 34. Rb3
d4 35. Rb6+ Kc7 36. Rb5 Kc6 37. a4 g6 38. Rb6+ Kc7 39. Rb2 Bd7 40. Rc2 Kd6 41.
Ra2 Ra8 42. Nb3 Be6 43. Ra3 Bf5 44. Ke2 Kd5 45. Nd2 Rxa5 46. Nc4 Ra6 47. a5 f6
48. Rb3 Kc6 49. Rb8 Be6 50. Rf8 Bxc4 51. dxc4 Kd7 52. g4 hxg4 53. hxg4 Ke7 54.
Rb8 Rxa5 55. Rb7+ Kd8 56. Rf7 Ra2+ 57. Kd3 Rg2 58. Rxf6 Rxg4 59. Rc6 Rxf4 60.
Rxc5 Ke7 61. Rd5 Ke6 62. Rxd4 Rxd4+ 63. Kxd4 Kd6 64. c5+ Kc6 65. Ke5 Kxc5 66.
Kf6 Kd5 67. Kxg6 1/2-1/2

[Event "47th Sparkassen Open"]
[Site "Dortmund GER"]
[Date "2019.07.18"]
[Round "6.41"]
[White "Kantor, Nikita"]
[Black "Stock, Tobias W"]
[Result "0-1"]
[WhiteElo "1906"]
[BlackElo "2001"]
[WhiteFideId "12990922"]
[BlackFideId "407500"]
[EventDate "2019.07.13"]

1. e4 c5 2. Nc3 Nc6 3. Bb5 Nd4 4. Bc4 g6 5. Nge2 Bg7 6. d3 e6 7. O-O Ne7 8. f4
d5 9. Bb5+ Nxb5 10. Nxb5 a6 11. Na3 b5 12. c3 Bb7 13. Ng3 f5 14. e5 d4 15. c4
Qd7 16. b3 Nc8 17. Nc2 Nb6 18. Ne1 Bf8 19. Bd2 a5 20. Rb1 Bc6 21. Qc1 Be7 22.
Nf3 O-O 23. Qe1 a4 24. Ne2 Rfb8 25. Qg3 Kf7 26. Ng5+ Kg7 27. h4 h5 28. Nf3 bxc4
29. bxc4 a3 30. Rb3 Na4 31. Rxa3 Nc3 32. Rxc3 dxc3 33. Nxc3 Qxd3 34. Qe1 Rb2 35.
Rf2 Rc2 36. Nb1 Rcxa2 37. Qc1 Ra1 38. Rf1 Rb8 0-1

[Event "47th Sparkassen Open"]
[Site "Dortmund GER"]
[Date "2019.07.18"]
[Round "6.42"]
[White "Klueting, Reiner"]
[Black "De Smedt, Mark"]
[Result "1/2-1/2"]
[WhiteElo "1973"]
[BlackElo "1920"]
[WhiteFideId "4644760"]
[BlackFideId "244899"]
[EventDate "2019.07.13"]

1. d4 d5 2. c4 Nc6 3. Nc3 Nf6 4. cxd5 Nxd5 5. Nf3 Bg4 6. e4 Nxc3 7. bxc3 e5 8.
d5 Nb8 9. Qb3 Bxf3 10. gxf3 Bc5 11. Qb5+ Nd7 12. Bh3 Bd6 13. Rg1 g6 14. Bh6 Rb8
15. Bg5 Be7 16. Bh6 Bd6 17. Bg5 Be7 18. Bh6 1/2-1/2

[Event "47th Sparkassen Open"]
[Site "Dortmund GER"]
[Date "2019.07.19"]
[Round "7.2"]
[White "Bagrationi, Alexander"]
[Black "Kashlinskaya, Alina"]
[Result "1-0"]
[WhiteTitle "GM"]
[BlackTitle "IM"]
[WhiteElo "2505"]
[BlackElo "2492"]
[WhiteFideId "14104954"]
[BlackFideId "4198026"]
[EventDate "2019.07.13"]

1. d4 Nf6 2. c4 e6 3. Nc3 Bb4 4. f3 c5 5. d5 d6 6. e4 b5 7. Bd2 Bxc3 8. Bxc3 O-O
9. cxb5 a6 10. dxe6 Bxe6 11. Nh3 Bxh3 12. gxh3 d5 13. Rg1 d4 14. Bd2 Nbd7 15.
bxa6 Re8 16. Bb5 Qb8 17. Qe2 g6 18. a4 c4 19. Qxc4 Qxh2 20. Qxd4 Ne5 21. O-O-O
Red8 22. Qe3 Nxf3 23. Qxf3 Rxd2 24. Rxd2 Qxg1+ 25. Rd1 Rc8+ 26. Kb1 Qc5 27. e5
Qc2+ 28. Ka2 Ne4 29. a7 Kg7 30. Rd3 Nd2 31. Qf6+ Kg8 32. Rd8+ Rxd8 33. Qxd8+ Kg7
34. Qd3 1-0

[Event "47th Sparkassen Open"]
[Site "Dortmund GER"]
[Date "2019.07.19"]
[Round "7.3"]
[White "Heck, Norbert"]
[Black "Schleining, Zoya"]
[Result "0-1"]
[WhiteTitle "FM"]
[BlackTitle "IM"]
[WhiteElo "2211"]
[BlackElo "2339"]
[WhiteFideId "4622928"]
[BlackFideId "4671660"]
[EventDate "2019.07.13"]

1. Nf3 d5 2. c4 d4 3. e3 Nc6 4. exd4 Nxd4 5. Nxd4 Qxd4 6. Nc3 c6 7. d3 Nh6 8.
Be3 Qd8 9. Be2 Nf5 10. O-O g6 11. Qd2 Bg7 12. Rad1 O-O 13. d4 Qa5 14. Ne4 Qxd2
15. Rxd2 Nxe3 16. fxe3 Bh6 17. Rd3 Bf5 18. Bf3 Rad8 19. Rc3 Bxe4 20. Bxe4 e5 21.
d5 f5 22. Bc2 cxd5 23. cxd5 Rc8 24. e4 Bd2 25. Rxc8 Rxc8 26. Bd3 Be3+ 27. Kh1 f4
28. g3 g5 29. gxf4 gxf4 30. Kg2 Kf7 31. Kf3 Ke7 32. Re1 Kd6 33. Re2 Bd4 34. Rg2
Rc1 35. Rg7 Bxb2 36. Rxb7 Bd4 37. Rxh7 Rc3 38. Ke2 f3+ 39. Kd2 f2 40. Rf7 Ra3
41. Bc4 Rh3 42. Rf6+ Kc5 43. Rc6+ Kb4 44. Bf1 Rxh2 45. d6 Rh8 46. d7 Rd8 47. Rd6
Kc5 48. Rd5+ Kc6 49. Bh3 Kc7 50. Ke2 Rb8 51. a4 Rb2+ 52. Kd3 Rb3+ 53. Ke2 Re3+
54. Kd2 Kd8 55. Bg2 Re1 56. Rb5 f1=Q 57. Bxf1 Rxf1 58. Kd3 Kxd7 59. Kc4 Kd6 0-1

[Event "47th Sparkassen Open"]
[Site "Dortmund GER"]
[Date "2019.07.19"]
[Round "7.4"]
[White "Baerwolf, Steven"]
[Black "Chittka, Julius"]
[Result "1/2-1/2"]
[WhiteElo "2176"]
[BlackElo "2319"]
[WhiteFideId "24658634"]
[BlackFideId "12954772"]
[EventDate "2019.07.13"]

1. d4 Nf6 2. c4 g6 3. Nc3 d5 4. cxd5 Nxd5 5. e4 Nxc3 6. bxc3 Bg7 7. Nf3 c5 8.
Rb1 O-O 9. Be2 b6 10. O-O Qc7 11. Be3 Nd7 12. e5 Bb7 13. Qb3 e6 14. Rbc1 Nb8 15.
Nd2 Nc6 16. Nc4 Ba6 17. Rfe1 Rad8 18. Nd6 Bxe2 19. Rxe2 cxd4 20. cxd4 Nxd4 21.
Rxc7 Nxb3 22. f4 Nc5 23. Rxa7 f6 24. exf6 Bxf6 25. Rd2 Bc3 26. Bd4 Bxd4+ 27.
Rxd4 Ne4 28. Rxe4 Rxd6 29. Re7 b5 1/2-1/2

[Event "47th Sparkassen Open"]
[Site "Dortmund GER"]
[Date "2019.07.19"]
[Round "7.5"]
[White "Andersen, Gunnar"]
[Black "Luft, Dennis"]
[Result "1/2-1/2"]
[WhiteElo "2166"]
[BlackElo "2294"]
[WhiteFideId "30920795"]
[BlackFideId "24623717"]
[EventDate "2019.07.13"]

1. e4 e5 2. Nf3 Nc6 3. Bc4 Bc5 4. c3 Nf6 5. d3 d6 6. O-O a6 7. Bb3 Ba7 8. Be3
Be6 9. Nbd2 Qd7 10. Bxa7 Rxa7 11. d4 Bg4 12. h3 Bh5 13. dxe5 Nxe5 14. Nxe5 dxe5
15. Qe1 O-O 16. Nc4 Qe7 17. f3 Nd7 18. Qf2 Raa8 19. Ne3 Qc5 20. Rad1 Rfd8 21.
Rd5 Qe7 22. Nf5 Qe8 23. Qh4 Nf6 24. Qg5 Qf8 25. Rxd8 Rxd8 26. Nh6+ Kh8 27. Qxe5
Re8 28. Qg5 Bg6 29. Nf5 Qc5+ 30. Kh1 h6 31. Qd2 Bxf5 32. exf5 Qxf5 33. Bxf7 Ne4
34. Qe1 Qxf7 35. fxe4 Qxa2 36. Qe2 Qe6 1/2-1/2

[Event "47th Sparkassen Open"]
[Site "Dortmund GER"]
[Date "2019.07.19"]
[Round "7.6"]
[White "Webb, Laurence E"]
[Black "Arold, Gerhard"]
[Result "1/2-1/2"]
[WhiteTitle "FM"]
[WhiteElo "2327"]
[BlackElo "2045"]
[WhiteFideId "402389"]
[BlackFideId "24664120"]
[EventDate "2019.07.13"]

1. d4 Nf6 2. c4 g6 3. Nc3 d5 4. Nf3 Bg7 5. h4 c5 6. dxc5 Qa5 7. cxd5 Nxd5 8.
Qxd5 Bxc3+ 9. Bd2 Bxd2+ 10. Qxd2 Qxc5 11. Rc1 Qf5 12. Qc3 O-O 13. h5 Nc6 14.
hxg6 fxg6 15. e3 Be6 16. Bc4 Bxc4 17. Qxc4+ Rf7 18. O-O Ne5 19. Nxe5 Qxe5 20.
Qb3 e6 21. Rc4 Rd8 22. Qc2 Rfd7 23. Rc8 Qd6 24. Rxd8+ Rxd8 25. Rc1 Rd7 26. Qc4
Kg7 27. g3 Qd5 28. Qa4 a6 29. Rc5 Qd1+ 30. Qxd1 Rxd1+ 31. Kg2 Rd7 32. Kf3 Kf6
33. Rc2 h5 34. Ke4 g5 35. f4 gxf4 36. exf4 Rd5 37. b3 Rb5 38. Rc8 Rb4+ 39. Kf3
Rb5 40. Rf8+ Kg7 41. Rd8 Kf6 42. Kg2 Rc5 43. Rd2 Kf5 44. Kh3 a5 45. Rd7 Rb5 46.
Rd2 e5 47. fxe5 Rxe5 48. Kh4 Ke6 49. Rd8 Rb5 50. Rh8 a4 51. Rh6+ Kf7 52. bxa4
Rb4+ 53. Kxh5 Rxa4 54. Rh7+ Kg8 55. Rxb7 Rxa2 56. Rb6 Kg7 57. g4 Ra5+ 58. g5 Ra7
59. Re6 Rb7 60. Ra6 1/2-1/2